000 01386nam a2200289Ia 4500
001 21904
005 20260330124245.0
008 260320s9999||||xx |||||||||||||| ||und||
020 _a9788497324847
041 _aESP
082 _a657
_bM19
100 _aMallo, Carlos,
_eAUT
245 0 _aNormas internacionales de contabilidad (NIIF) :
_blas normas internacionales de información financiera
250 _aSegunda edición
260 _aMadrid :
_bThomson,
_c2006
300 _axv, 375 páginas :
_bcuadros ;
_c24 cm.
500 _aNo tiene portada / Datos extraídos de Worldcat
650 _aTCA
653 _aContabilidad - Estandarización; Estados financieros - Normas
654 _aCCO
700 _aPulido, Antonio,
_cAUT
856 _uhttps://itmsp.museknowledge.com/UCSP?url=https://www.ebooks7-24.com:443/?il=46821&pg=1
_zVéase además: NIIF esenciales: comprensión y aplicación de los estándares, por Gamboa Suárez, Ramiro. Versión digital
856 _uhttps://0u213uo9r-y-https-ebooks7--24-com.itmsp.museknowledge.com/biblioteca.aspx
_zVéase además: Base de datos Ebook7-24
856 _uhttps://www.legismovil.pe/Home3.asp?modo=scala
_zVéase además: Base de datos LegisMóvil
856 _uhttps://0u219lr1p-y-https-legal-legis-com-pe.itmsp.museknowledge.com/home/Corporativo
_zVéase además: Base de datos Multilegis
942 _cLIB
_dJUS
_fMAT
_2ddc
999 _c21904
_d21904